Menores infractores: un colectivo necesitado del Trabajo Social

El perfil de los menores infractores ha evolucionado de forma paralela al cambio social. Esta nueva realidad, caracterizada por el aumento del número de menores con problemas con la ley, exige una nueva relectura del perfil del menor, de sus características y de los factores de riesgo y/o protección...

Full description

Saved in:  
Bibliographic Details
Main Author: García García, Javier (Facultad de Educación y Trabajo Social) (Author)
Format: Electronic Book
Language:Spanish
Published: 2019
In:Year: 2019
Online Access: Volltext (kostenfrei)
Check availability: HBZ Gateway

MARC

LEADER 00000cam a22000002c 4500
001 1865815039
003 DE-627
005 20250114054847.0
007 cr uuu---uuuuu
008 231017s2019 xx |||||o 00| ||spa c
035 |a (DE-627)1865815039 
035 |a (DE-599)KXP1865815039 
040 |a DE-627  |b ger  |c DE-627  |e rda 
041 |a spa 
084 |a 2,1  |2 ssgn 
100 1 |a García García, Javier (Facultad de Educación y Trabajo Social)  |e VerfasserIn  |4 aut 
245 1 0 |a Menores infractores: un colectivo necesitado del Trabajo Social 
264 1 |c 2019 
336 |a Text  |b txt  |2 rdacontent 
337 |a Computermedien  |b c  |2 rdamedia 
338 |a Online-Ressource  |b cr  |2 rdacarrier 
520 |a El perfil de los menores infractores ha evolucionado de forma paralela al cambio social. Esta nueva realidad, caracterizada por el aumento del número de menores con problemas con la ley, exige una nueva relectura del perfil del menor, de sus características y de los factores de riesgo y/o protección para poder plantear una intervención exitosa con éste colectivo. Dentro del conjunto de medidas destinadas a lograr el cambio de conducta de estos menores, es necesario destacar el papel que desempeñan los profesionales del trabajo social en todo el proceso sancionador. Por tanto, este trabajo pretende analizar las funciones del trabajador social en relación a los menores infractores, las herramientas más importantes que utiliza dicho profesional, y definir la mediación como una vía más eficaz y eficiente a la hora de trabajar con éste sector de la población.The profile of juvenile offenders has evolved in parallel to social change. This new reality, characterized by the increase in the number of minors with problems with the law, requires a new re-reading of the minor's profile, its characteristics and the risk and / or protection factors in order to raise a successful intervention with this group. Within the set of measures aimed at achieving the behavior change of these minors, it is necessary to analyze the role played by social work professionals throughout the sanctioning process. Therefore, this work aims to analyze the functions of the social worker in relation to juvenile offenders, the most important tools used by that professional, and define mediation as a more effective and efficient way to work with this group.Grado en Trabajo Socia 
856 4 0 |u https://core.ac.uk/download/268996795.pdf  |x Verlag  |z kostenfrei  |3 Volltext  |7 0 
935 |a mkri 
951 |a BO 
ELC |a 1 
LOK |0 000 xxxxxcx a22 zn 4500 
LOK |0 001 4390853430 
LOK |0 003 DE-627 
LOK |0 004 1865815039 
LOK |0 005 20231017043634 
LOK |0 008 231017||||||||||||||||ger||||||| 
LOK |0 035   |a (DE-2619)CORE46508028 
LOK |0 040   |a DE-2619  |c DE-627  |d DE-2619 
LOK |0 092   |o n 
LOK |0 852   |a DE-2619 
LOK |0 852 1  |9 00 
LOK |0 935   |a core 
LOK |0 939   |a 17-10-23  |b l01 
OAS |a 1 
ORI |a SA-MARC-krimdoka001.raw